Mass Effect Locations - Statistics

General Stats
  • This quiz has been taken 440 times
  • The average score is 8 of 15
Answer Stats
Hint Answer % Correct
First Planet visited in Mass Effect Eden Prime
85%
Capital of The Milky Way Citadel
84%
Turian Homeworld Palaven
83%
Asari Homeworld Thessia
79%
Criminal Space Station Omega
76%
Quarian Homeworld Rannoch
72%
Salarian Homeworld Sur'Kesh
65%
Major Asari Colony Illium
59%
Criminal Sector of Space Terminus Systems
52%
^Sector of Space located in Perseus Veil
30%
Where the First Contact War Started Shanxi
30%
Capital of Skyllian Verge Elysium
26%
Elcor Homeworld Dekuuna
24%
Human Colony near Citadel Bekenstein
20%
Batarian Homeworld Khar'shan
17%
No matching quizzes found
Score Distribution
Percent of People with Each Score
Percentile by Number Answered
Your Score History
You have not taken this quiz